| 000 | 00388cam a22001337a 4500 | ||
|---|---|---|---|
| 008 | 180718b1959 xxu||||| |||| 00| 0 eng d | ||
| 082 | _aB19x54 As36 | ||
| 100 | _aAshraf, K.M. | ||
| 245 |
_aLife and conditions of the people of Hindustan _cby K.M. Ashraf |
||
| 260 |
_aDelhi _bJiwan _c1959 |
||
| 300 | _a274p. | ||
| 650 | _aIndia - History, 1200-1526. | ||
| 650 | _aIndia - Social conditions | ||
| 999 |
_c358494 _d358494 |
||